[Event "Women's Speed Chess Q5"]
[Site "chess.com INT"]
[Date "2021.06.04"]
[Round "9"]
[White "Avramidou, Anastasia"]
[Black "Khalafova, Narmin"]
[Result "1-0"]
[WhiteTitle "FM"]
[BlackTitle "WGM"]
[WhiteElo "2238"]
[BlackElo "2279"]
[WhiteFideId "4239873"]
[BlackFideId "13402625"]
[EventDate "2021.06.04"]

1. d4 d5 2. c4 c6 3. cxd5 cxd5 4. Nc3 Nf6 5. Bf4 Nc6 6. e3 a6 7. Bd3 Bg4 8. Nge2
e6 9. O-O Bd6 10. Bg5 O-O 11. Rc1 h6 12. Bh4 g5 13. Bg3 Bxg3 14. hxg3 Kg7 15. f3
Bh5 16. g4 Bxg4 17. fxg4 Nxg4 18. Rf3 Qd6 19. Rh3 f5 20. Ng3 Nxe3 21. Nh5+ Kg8
22. Rxe3 Nxd4 23. Bb1 e5 24. a3 g4 25. Ba2 Rae8 26. Nxd5 Kh8 27. Nhf4 Kh7 28.
Ne2 f4 29. Qd3+ Kh8 30. Rc7 Nf5 31. Nexf4 Rd8 32. Ne2 h5 33. Ng3 Qxc7 34. Nxc7
Rxd3 35. Rxd3 Nd4 36. Nxh5 Ne2+ 37. Kh2 Rf5 38. Ng3 Rf2 39. Nxe2 Rxe2 40. Be6
Kg7 41. Rd7+ Kf6 42. Bxg4 Rxb2 43. Nd5+ Kg5 44. Bf3 Rb3 45. Re7 Kf5 46. Nc7 a5
47. Ne8 b5 48. Nd6+ Kf6 49. Ra7 a4 50. Ra6 Kg5 51. Ne4+ Kf4 52. Nc5 Rxa3 53. Ra5
e4 54. Nxe4 b4 55. Nc5 Rxf3 56. gxf3 a3 57. Nd3+ Kxf3 58. Nxb4 Ke3 59. Rxa3+ 1-0

[Event "Women's Speed Chess Q5"]
[Site "chess.com INT"]
[Date "2021.06.04"]
[Round "9"]
[White "Nomin-Erdene, Davaademberel"]
[Black "Nguyen, Hong Ngoc"]
[Result "1-0"]
[WhiteTitle "IM"]
[BlackTitle "WCM"]
[WhiteElo "2382"]
[BlackElo "1957"]
[WhiteFideId "4900782"]
[BlackFideId "12403083"]
[EventDate "2021.06.04"]

1. f4 d5 2. Nf3 Nc6 3. g3 g6 4. Bg2 Bg7 5. O-O Nf6 6. d3 O-O 7. Na3 Re8 8. c4
dxc4 9. Nxc4 Bg4 10. Nfe5 Nxe5 11. Nxe5 Bc8 12. Qb3 Rf8 13. Be3 c6 14. h3 Nd5
15. Bf2 Qc7 16. e4 Nb6 17. d4 Be6 18. Qc2 Bxe5 19. dxe5 Rad8 20. b3 f5 21. exf6
exf6 22. Qc3 Rd7 23. Bc5 Rff7 24. Rae1 Qd8 25. Re3 Nc8 26. f5 gxf5 27. exf5 Bd5
28. Rfe1 Kg7 29. Re8 Qc7 30. Bf1 b6 31. Bf2 Nd6 32. Qd4 Nxe8 33. Rxe8 h5 34. Qh4
Rfe7 35. Rxe7+ Rxe7 36. Qxh5 Bf7 37. Qg4+ Kf8 38. Bd4 Qd6 39. Qh4 Kg7 40. Qg5+
Kf8 41. Bxf6 Qc5+ 42. Kh2 Qc2+ 43. Bg2 Bd5 44. Bxe7+ Ke8 45. Qg6+ Kxe7 46. f6+
Kd6 47. Qxc2 1-0

[Event "Women's Speed Chess Q5"]
[Site "chess.com INT"]
[Date "2021.06.04"]
[Round "9"]
[White "Zawadzka, Jolanta"]
[Black "Frayna, Janelle Mae"]
[Result "0-1"]
[WhiteTitle "WGM"]
[BlackTitle "WGM"]
[WhiteElo "2403"]
[BlackElo "2179"]
[WhiteFideId "1122320"]
[BlackFideId "5212499"]
[EventDate "2021.06.04"]

1. e4 e5 2. Nf3 Nc6 3. Nc3 Nf6 4. d4 exd4 5. Nxd4 Bb4 6. Nxc6 bxc6 7. Bd3 O-O 8.
O-O d5 9. exd5 cxd5 10. h3 c6 11. Qf3 Be6 12. Bg5 h6 13. Bxf6 Qxf6 14. Qxf6 gxf6
15. Ne2 Bd6 16. Ng3 a5 17. Nh5 f5 18. f4 a4 19. Ng3 Rfb8 20. Rab1 d4 21. a3 Ra5
22. Ne2 c5 23. c4 Rb3 24. Rfd1 Ra8 25. Nc1 Rb6 26. g3 h5 27. h4 Rab8 28. Rd2 Kg7
29. Kf2 Kf6 30. Be2 Rg8 31. Rc2 Rg4 32. Nd3 Rb3 33. Rd1 Rb8 34. Bf3 Rb3 35. Nc1
Rb8 36. Rd3 Rb6 37. Ne2 Rb3 38. Rxb3 axb3 39. Rc1 Rg8 40. Bxh5 Ra8 41. Bf3 Ra4
42. Rd1 Rxc4 43. Rc1 Rxc1 44. Nxc1 c4 45. Be2 Bxa3 46. Nxb3 Bxb2 47. Nc5 c3 48.
Bd3 Bd5 49. Ke2 Bc1 50. Kd1 Be3 51. Ke2 Bc1 52. Kd1 Ba3 53. Nd7+ Ke6 54. Ne5 Be4
55. h5 f6 56. Bc4+ Kd6 57. Nd3 Kc6 58. h6 Bf8 59. h7 Bg7 60. Ke2 Kb6 61. Nc1 Kc5
62. Ba6 Kb4 63. Bd3 Ka3 64. g4 Bxd3+ 65. Nxd3 fxg4 66. Kd1 Kb3 67. Kc1 g3 68.
Ne1 d3 69. Nxd3 g2 70. Nc5+ Kc4 71. Ne4 g1=Q+ 72. Kc2 Qg6 73. Kc1 Qxe4 74. f5
Kb3 75. h8=Q Qc2# 0-1

[Event "Women's Speed Chess Q5"]
[Site "chess.com INT"]
[Date "2021.06.04"]
[Round "9"]
[White "Mrudul, Dehankar"]
[Black "Morris-Suzuki, Sophie"]
[Result "1-0"]
[WhiteTitle "WIM"]
[BlackTitle "WFM"]
[WhiteElo "2256"]
[BlackElo "2043"]
[WhiteFideId "25096990"]
[BlackFideId "30922615"]
[EventDate "2021.06.04"]

1. e4 c5 2. Nf3 e6 3. d4 cxd4 4. Nxd4 a6 5. Bd3 Nf6 6. Qe2 d6 7. O-O Be7 8. c4
Qc7 9. Nc3 b6 10. f4 Nbd7 11. b4 b5 12. Be3 bxc4 13. Bxc4 Nb6 14. Bd3 Bb7 15.
Rac1 Qd8 16. e5 dxe5 17. fxe5 Nfd5 18. Nxd5 Qxd5 19. Rc7 Rc8 20. Rxb7 Qxb7 21.
Bxa6 Qd5 22. Bxc8 Nxc8 23. Qc2 O-O 24. Nc6 Re8 25. Rd1 Qb5 26. a4 Qb7 27. b5 Bf8
28. Qd3 Nb6 29. a5 Nd5 30. a6 Qc8 31. Bd4 Qc7 32. Qc4 h6 33. a7 Qb7 34. Ra1 Ra8
35. Bc5 Nb6 36. Qd4 Nd5 37. Bxf8 Kxf8 38. Qc5+ Kg8 39. Ra6 Qd7 40. b6 Nf4 41. h3
Qd2 42. Qf2 Qd1+ 43. Kh2 Ne2 44. Ne7+ Kf8 45. b7 Rxa7 46. Rxa7 Kxe7 47. b8=Q+
Qd7 48. Rxd7+ Kxd7 49. Qxf7+ Kc6 50. Qxe6+ Kc5 51. Qed6+ Kc4 52. Qbc7+ Kb3 53.
Qdb6+ Ka2 54. Qca7# 1-0

[Event "Women's Speed Chess Q5"]
[Site "chess.com INT"]
[Date "2021.06.04"]
[Round "9"]
[White "Dauletova, Gulmira"]
[Black "Tarasova, Viktoriya"]
[Result "1-0"]
[WhiteTitle "WGM"]
[BlackTitle "WIM"]
[WhiteElo "2257"]
[BlackElo "2226"]
[WhiteFideId "13702971"]
[BlackFideId "4175840"]
[EventDate "2021.06.04"]

1. e4 e5 2. Nf3 Nc6 3. Bb5 Nf6 4. d3 Bc5 5. c3 O-O 6. O-O d6 7. Nbd2 a6 8. Ba4
b5 9. Bc2 Bb6 10. h3 h6 11. a4 Bd7 12. Re1 Re8 13. Nf1 d5 14. Ng3 d4 15. Bd2 Be6
16. Qc1 Kh7 17. Nh2 Qd7 18. Rf1 Rad8 19. axb5 axb5 20. Kh1 Ra8 21. Rxa8 Rxa8 22.
f4 exf4 23. Bxf4 Ng8 24. Nh5 f6 25. Qe1 Bf7 26. Ng3 Ra2 27. Bc1 dxc3 28. Qxc3
Bd4 29. Qd2 b4 30. Nf5 Bxb2 31. Bb1 Bc3 32. Qe3 Ra1 33. Bd2 Bxd2 34. Qxd2 Nge7
35. Nxe7 Qxe7 36. d4 Bg6 37. Qb2 Ra8 38. Re1 Rd8 39. Nf3 Kh8 40. e5 Bxb1 41.
Rxb1 fxe5 42. dxe5 Qe6 43. Re1 Rd3 44. Nh4 Rxh3+ 45. gxh3 Qxh3+ 46. Qh2 Qc3 47.
Qf2 Kh7 48. Qf5+ Kh8 49. Ng6+ Kg8 50. Rf1 Qd4 51. e6 b3 52. e7 1-0

[Event "Women's Speed Chess Q5"]
[Site "chess.com INT"]
[Date "2021.06.04"]
[Round "9"]
[White "Mohota, Nisha"]
[Black "Sviridova, Vlada"]
[Result "0-1"]
[WhiteTitle "IM"]
[BlackTitle "WFM"]
[WhiteElo "2195"]
[BlackElo "2144"]
[WhiteFideId "5004330"]
[BlackFideId "24109606"]
[EventDate "2021.06.04"]

1. e4 e6 2. d4 d5 3. Bd3 dxe4 4. Bxe4 Nf6 5. Bf3 c5 6. Ne2 Be7 7. Be3 Qc7 8.
Nbc3 O-O 9. O-O Rd8 10. Qc1 Nc6 11. dxc5 Ne5 12. Be4 Neg4 13. Bf4 Qxc5 14. Bf3
Ne5 15. Bxe5 Qxe5 16. Rd1 Rxd1+ 17. Qxd1 Rb8 18. Qd2 Bd7 19. Nd4 Be8 20. Re1 Qc5
21. Qe3 a6 22. g3 b5 23. Nc6 Bxc6 24. Qxc5 Bxc5 25. Bxc6 Bb4 26. Rd1 Bxc3 27.
bxc3 h5 28. Bf3 Rc8 29. Rd3 Rc5 30. h4 g6 31. Kf1 Kg7 32. Ke1 a5 33. Kd2 Ng4 34.
Bxg4 hxg4 35. Rd4 f5 36. Rd6 Kf6 37. Kd3 Ke5 38. Ra6 a4 39. a3 Rd5+ 40. Ke3 Kf6
41. Rb6 Re5+ 42. Kd3 Rc5 43. Rb8 e5 44. Rb6+ Kg7 45. Re6 Kh6 46. Re8 Kg7 47.
Re7+ Kf6 48. Ra7 Rd5+ 49. Ke3 Rc5 50. Kd3 f4 51. Ra6+ Kf5 52. Rd6 e4+ 53. Kd4
Rc4+ 54. Kd5 e3 55. fxe3 fxg3 0-1

[Event "Women's Speed Chess Q5"]
[Site "chess.com INT"]
[Date "2021.06.04"]
[Round "9"]
[White "Pandey, Srishti"]
[Black "Doluhanova, Evgeniya"]
[Result "1-0"]
[WhiteTitle "WFM"]
[BlackTitle "WGM"]
[WhiteElo "2026"]
[BlackElo "2192"]
[WhiteFideId "35093290"]
[BlackFideId "14112035"]
[EventDate "2021.06.04"]

1. d4 Nf6 2. c4 e6 3. Nf3 b6 4. a3 Bb7 5. Nc3 Be7 6. d5 O-O 7. e4 d6 8. Bd3 c6
9. dxe6 fxe6 10. e5 Ng4 11. exd6 Bxd6 12. Ne4 Be7 13. O-O c5 14. Nfg5 Ne5 15.
Bc2 Qxd1 16. Rxd1 Bc8 17. b3 Nbc6 18. Bb2 h6 19. Nh3 Bb7 20. Nd6 Bxd6 21. Rxd6
Rad8 22. Rad1 Rxd6 23. Rxd6 Nf7 24. Rxe6 Rd8 25. Kf1 Nd4 26. Bxd4 cxd4 27. Nf4
g5 28. Nh5 d3 29. Bd1 d2 30. Re7 Bc8 31. Nf6+ Kf8 32. Rxa7 Bf5 33. Ke2 Ne5 34.
Nd5 Nc6 35. Rc7 Nd4+ 36. Kxd2 Be6 37. Kc3 Bxd5 38. g3 Bg2 39. Bh5 Ne6 40. Rh7
Ng7 41. Rh8+ Ke7 42. Rxh6 Nxh5 43. Rxh5 Kf6 44. h4 Kf5 45. Rxg5+ Ke4 46. f4 Kf3
47. h5 Rd1 48. h6 Rc1+ 49. Kb2 Rh1 50. Rg6 Bf1 51. Rxb6 Bd3 52. Rf6 Be4 53. Kc3
Rh2 54. b4 Rh1 55. c5 Rc1+ 56. Kd4 Rd1+ 57. Ke5 Rd5+ 58. Ke6 Rh5 59. Kd6 Kxg3
60. c6 Rd5+ 61. Kc7 Rd3 62. Kb6 Rxa3 63. c7 Rc3 64. b5 Rc4 65. Rc6 Bxc6 66. bxc6
Rb4+ 67. Kc5 Rxf4 68. c8=Q Rg4 69. Qxg4+ Kxg4 70. h7 1-0

[Event "Women's Speed Chess Q5"]
[Site "chess.com INT"]
[Date "2021.06.04"]
[Round "9"]
[White "Vo, Thi Kim Phung"]
[Black "Papp, Petra"]
[Result "1/2-1/2"]
[WhiteTitle "WGM"]
[BlackTitle "WGM"]
[WhiteElo "2335"]
[BlackElo "2336"]
[WhiteFideId "12401838"]
[BlackFideId "739049"]
[EventDate "2021.06.04"]

1. d4 Nf6 2. c4 g6 3. Nc3 d5 4. Bg5 Ne4 5. cxd5 Nxg5 6. h4 Ne4 7. Nxe4 Qxd5 8.
Nc3 Qd8 9. Rc1 Bg7 10. e3 O-O 11. h5 c5 12. dxc5 Qa5 13. hxg6 hxg6 14. Bc4 Nd7
15. Nf3 Nf6 16. Qb3 Qxc5 17. Nb5 Be6 18. O-O Bxc4 19. Rxc4 Qb6 20. Rfc1 Nd5 21.
Rh4 e6 22. e4 Nf6 23. Qd3 Rfd8 24. Qe2 Rac8 25. Nc3 Nh5 26. e5 Ng3 27. Qc2 Nf5
28. Re4 Rc7 29. Qe2 Rcd7 30. Rg4 Nd4 31. Nxd4 Rxd4 32. Rxd4 Rxd4 33. Re1 Qc6 34.
a3 a6 35. Qe3 Qd7 36. Qg3 Rd3 37. Qf4 Qd4 38. Re4 Qd7 39. Kh2 b5 40. Re3 Rxe3
41. Qxe3 a5 42. f4 b4 43. axb4 axb4 44. Ne4 Qd1 45. b3 Qh5+ 46. Kg3 Qd1 47. Ng5
Qc2 48. Nf3 Bh6 49. Qd4 Kg7 50. Qe3 Qc3 51. Qxc3 bxc3 52. Nd4 g5 53. fxg5 Bxg5
54. Nc2 Bc1 55. Kf3 Kf8 56. Ke4 Ke7 57. b4 Kd7 58. Kd4 Bd2 59. g4 Kc6 60. Kc4
Kb6 61. Nd4 Be1 62. Nc2 Bd2 63. Nd4 Be1 64. Nc2 Bd2 1/2-1/2

[Event "Women's Speed Chess Q5"]
[Site "chess.com INT"]
[Date "2021.06.04"]
[Round "9"]
[White "Nguyen, Hong Anh"]
[Black "Vu, Bui Thi Thanh Van"]
[Result "0-1"]
[WhiteTitle "WIM"]
[BlackTitle "WFM"]
[WhiteElo "1993"]
[BlackElo "1750"]
[WhiteFideId "12406732"]
[BlackFideId "12408921"]
[EventDate "2021.06.04"]

1. d4 e6 2. c4 f5 3. Nf3 Nf6 4. g3 Be7 5. Bg2 O-O 6. O-O d6 7. Nc3 Ne4 8. Qd3
Nxc3 9. bxc3 Nc6 10. e4 e5 11. Re1 Kh8 12. dxe5 dxe5 13. Qd5 Bf6 14. Ba3 Rg8 15.
Rad1 Qe8 16. Qb5 a6 17. Qb1 f4 18. gxf4 exf4 19. e5 Be7 20. Bxe7 Qxe7 21. Qe4
Be6 22. Qxf4 Raf8 23. Qg5 Qc5 24. Qe3 Qxc4 25. Ng5 Rf5 26. Nxe6 Qxe6 27. f4 Rgf8
28. Rf1 Qh6 29. Rd7 Nxe5 30. Rxc7 Ng4 31. Qg3 Qb6+ 32. Kh1 Qxc7 33. Qxg4 Rxf4
34. Rxf4 Qxf4 35. Qd1 b5 36. h3 Qe3 37. Qd6 Re8 38. Qxa6 Qe1+ 39. Kh2 Qe5+ 40.
Kh1 Qg3 41. Bf1 Qf3+ 42. Bg2 Qxc3 43. Qxb5 Re1+ 44. Kh2 Qe5+ 45. Qxe5 Rxe5 46.
Bc6 g5 47. a4 Kg7 48. Kg3 h5 49. Kf3 Kf6 50. Bd7 Ke7 51. Bb5 Kd6 52. Kg3 Kc5 53.
h4 g4 54. Bd7 Kb4 55. Bc6 Rc5 56. Be8 Kc3 57. Kf4 Kd3 58. Bb5+ Kd2 59. Kg3 Ke1
60. Be8 Re5 61. Bd7 Re3+ 62. Kf4 Rd3 63. Be8 g3 64. Bc6 Kf2 65. a5 Rc3 66. Bb7
Rc5 67. a6 Ra5 68. Bd5 g2 69. Bxg2 Kxg2 70. a7 Rxa7 71. Kg5 Ra5+ 72. Kh6 Kh3 73.
Kg6 Kxh4 74. Kh6 Kg4 0-1

[Event "Women's Speed Chess Q5"]
[Site "chess.com INT"]
[Date "2021.06.04"]
[Round "9"]
[White "Cori T., Deysi"]
[Black "Sliwicka, Alicja"]
[Result "1/2-1/2"]
[WhiteTitle "WGM"]
[BlackTitle "WIM"]
[WhiteElo "2388"]
[BlackElo "2308"]
[WhiteFideId "3801934"]
[BlackFideId "1150677"]
[EventDate "2021.06.04"]

1. d4 Nf6 2. Nf3 c5 3. e3 d5 4. b3 e6 5. Bb2 Nc6 6. a3 a6 7. Bd3 b5 8. dxc5 Bxc5
9. Nbd2 O-O 10. O-O Re8 11. e4 Bb7 12. b4 Bb6 13. exd5 Nxd5 14. Nb3 Qe7 15. Qc1
h6 16. c4 bxc4 17. Bxc4 Rac8 18. Bxd5 exd5 19. Qf4 Bc7 20. Qg4 f6 21. Nc5 Ba8
22. Rae1 Qf7 23. Nxa6 Bd6 24. Nh4 Ne5 25. Bxe5 Bxe5 26. Nf5 Kh7 27. Nc5 d4 28.
f4 h5 29. Qd1 Bb8 30. Nxd4 Qg6 31. Qc2 Rxe1 32. Qxg6+ Kxg6 33. f5+ Kf7 34. Rxe1
Be5 35. Nde6 Bd5 36. Rd1 Bc6 37. a4 g6 38. Nd8+ Ke7 39. Nxc6+ Rxc6 40. fxg6 f5
41. Rd7+ Ke8 42. Rd5 Bg7 43. Rxf5 Rxg6 44. Rxh5 Bd4+ 45. Kf1 Rf6+ 46. Ke1 Bc3+
47. Ke2 Bxb4 48. Re5+ Kd8 49. Rd5+ Ke7 50. Ne4 Re6 51. Kf3 Ra6 52. Rd4 Rxa4 53.
Kg4 Ke6 54. Nc5+ Ke5 55. Nxa4 Kxd4 56. Nb6 Ke5 57. Nc4+ Kf6 58. Ne3 Bc5 59. Nf5
Kg6 60. h4 Bb4 61. h5+ Kh7 62. Ng3 Bd2 63. Ne4 Bc1 64. Kf5 Kh6 65. g4 Be3 66.
Kf6 Bc1 67. Ng3 Bg5+ 68. Kf5 Bc1 69. Ne4 Be3 70. Nd6 Bc1 71. Nf7+ Kg7 72. Ne5
Kh6 73. Ke4 Bd2 74. Kf3 Kg7 75. Nc4 Bc1 76. Ne3 Kh6 77. Kf4 Bd2 78. Kf3 Bc1 79.
Ng2 Kg5 80. Ne1 Kh6 81. Nd3 Bd2 82. Nc5 Bc1 83. Ne4 Bb2 84. Kf4 Bc1+ 85. Kf5 1/2-1/2

[Event "Women's Speed Chess Q5"]
[Site "chess.com INT"]
[Date "2021.06.04"]
[Round "9"]
[White "Zaksaite, Salomeja"]
[Black "Berend, Elvira"]
[Result "0-1"]
[WhiteTitle "WIM"]
[BlackTitle "WGM"]
[WhiteElo "2202"]
[BlackElo "2326"]
[WhiteFideId "12801496"]
[BlackFideId "4000510"]
[EventDate "2021.06.04"]

1. e4 c5 2. Nf3 e6 3. d4 cxd4 4. Nxd4 Nc6 5. Nc3 a6 6. Be2 d6 7. O-O Nf6 8. Be3
Be7 9. f4 O-O 10. Qe1 Bd7 11. Qg3 Nxd4 12. Bxd4 Bc6 13. Rae1 g6 14. Bd3 b5 15.
Kh1 b4 16. Nd1 Nh5 17. Qg4 Nxf4 18. Qxf4 e5 19. Bxe5 dxe5 20. Qxe5 Bd6 21. Qd4
Bc7 22. Qxd8 Rfxd8 23. Ne3 Be5 24. Nc4 Bd4 25. e5 Bd5 26. b3 Bc3 27. Re2 Ra7 28.
Nb6 Be6 29. Bc4 Re8 30. Bxe6 Rxe6 31. Nc4 Rae7 32. Re4 Kg7 33. Kg1 a5 34. Nxa5
Ra6 35. Nc4 Rxa2 36. Re2 Ra6 37. Rd1 Kh6 38. Rd3 Kg7 39. Re4 Ra1+ 40. Kf2 Ra2
41. Re2 Ra6 42. Kf3 h5 43. h3 Rae6 44. Rd5 Ra6 45. Kf4 Ra1 46. Ke4 f6 47. Kf3
Rf1+ 48. Rf2 Rxf2+ 49. Kxf2 fxe5 50. Ke2 e4 51. Ke3 Kh6 52. Nd6 Bb2 53. Nxe4
Bc1+ 54. Kf3 Rf7+ 55. Ke2 Bf4 56. Rb5 Re7 57. Rxb4 Be5 58. Rc4 Rb7 59. b4 Kg7
60. c3 Kf7 61. Rc5 Ke6 62. b5 Bc7 63. c4 Bb6 64. Rc6+ Ke5 65. Nc3 Bd8 66. Nd5
Ra7 67. Rxg6 Ra2+ 68. Kf3 Ra3+ 69. Kf2 Kd4 70. b6 Bh4+ 71. Kf1 Ra1+ 72. Ke2 Ra2+
73. Kf3 Rb2 74. Kf4 Kxc4 75. Ne3+ Kd3 76. Nf5 Rb4+ 77. Kf3 Rb3 78. Rd6+ Kc4+ 79.
Kf4 Kc5 80. Rd7 Rb4+ 81. Ke5 Rxb6 82. Rd5+ Kc4 83. Ne3+ Kc3 84. Rc5+ Kd3 85. Nf5
Bg5 86. Rd5+ Ke2 0-1

[Event "Women's Speed Chess Q5"]
[Site "chess.com INT"]
[Date "2021.06.04"]
[Round "9"]
[White "Babiy, Olga"]
[Black "Agrest, Inna"]
[Result "1-0"]
[WhiteTitle "WGM"]
[BlackTitle "WIM"]
[WhiteElo "2280"]
[BlackElo "2285"]
[WhiteFideId "14117258"]
[BlackFideId "1708830"]
[EventDate "2021.06.04"]

1. d4 Nf6 2. Bf4 g6 3. Nc3 d5 4. e3 Bg7 5. h4 h5 6. Nf3 O-O 7. Ne5 c5 8. Qd2 Nc6
9. f3 a6 10. dxc5 Be6 11. Na4 Nxe5 12. Bxe5 Ne4 13. fxe4 Bxe5 14. O-O-O dxe4 15.
Qb4 Qc7 16. Qxe4 Bf5 17. Qb4 b5 18. Nb6 Rad8 19. Nd5 Qa7 20. Be2 e6 21. Nb6 Qc7
22. g4 hxg4 23. h5 gxh5 24. Rxh5 Rxd1+ 25. Bxd1 Bg6 26. Rh6 Kg7 27. Rh1 Rh8 28.
Rg1 Rd8 29. a4 bxa4 30. Nxa4 Qc6 31. Qxg4 Qd5 32. e4 Qc4 33. c3 Rd3 34. Be2 Qxa4
35. Bxd3 Qa1+ 36. Bb1 Qa4 37. Qg5 Bf6 38. Qd2 Qc4 39. Qd3 Qxc5 40. Re1 Be5 41.
Kc2 Qf2+ 42. Re2 Qc5 43. Qe3 Qc6 44. Qf3 Qa4+ 45. Kc1 Qc6 46. Kc2 Qa4+ 47. Kc1
Qc6 48. Qd3 a5 49. Qe3 a4 50. Re1 a3 51. bxa3 Bxc3 52. Bc2 Be5 53. Re2 Qd6 54.
Qd3 Qb6 55. Qb3 Qc5 56. Kd1 Qd4+ 57. Kc1 Qa1+ 58. Kd2 Qd4+ 59. Qd3 Qb2 60. Qb3
Qd4+ 61. Bd3 Qc5 62. Re1 Qd4 63. Rd1 Qc5 64. Re1 Qd4 65. Qc4 Qb2+ 66. Qc2 Qxa3
67. Rb1 Qa5+ 68. Ke2 Qa7 69. Rb5 Qd4 70. Rc5 Bf6 71. Ra5 Be5 72. Qc5 Qxc5 73.
Rxc5 Bd4 74. Rc7 e5 75. Kf3 Kf6 76. Bc4 Kg7 77. Bd5 Kf6 78. Kg4 Kg7 79. Kg5 Be3+
80. Kg4 Bd4 81. Re7 Bc3 82. Kf3 Kf6 83. Ra7 Bd4 84. Rb7 Kg7 85. Ke2 Kf6 86. Kd3
Kg7 87. Kc4 Kf6 88. Kb5 Kg7 89. Kc6 Kf6 90. Kd6 Kg7 91. Ke7 1-0